000 01765nam0a2200361 4500
001 RU\NLR\bibl\1203714
005 20260407104924.0
010 _a978-5-7645-0327-1
_9100
021 _aRU
_b2008-5339
_9286
035 _a(NLR Aleph) 001190200
090 _a1712480
_c1712480
100 _a20080320d2007 |||y0rusy50 ca
101 0 _arus
102 _aRU
105 _ay |||||||||
200 1 _aСовременная кадровая политика в библиотечном деле
_eбиблиографический указатель (1992-2005 гг.)
_fРесп. мед. библ.-информ. центр М-ва здравоохранения Респ. Татарстан
_g[сост.: д.п.н. Ю.Н. Дрешен]
210 _aКазань
_cМедицина
_d2007
215 _a162, [2] с.
_d21
320 _aИмен. указ.: с. 143-154
320 _aПредм.-темат. указ.: с. 155-163
606 1 _aБиблиотечные кадры
_jБиблиография
_xПодготовка
_92360881
_3RU\NLR\auth\661409811
606 1 _aБиблиотечные кадры
_jБиблиография
_xПовышение квалификации
_92264747
_3RU\NLR\auth\661357699
686 _aЧ73р
686 _aЧ489.56
702 1 _4220
_8rus
_7ca
_aДрешер
_bЮ. Н.
_f1953-
_gЮлия Николаевна
_3RU\NLR\AUTH\7713119
_9122820
712 0 2 _4570
_aТатарстанский республиканский медицинский библиотечно-информационный центр
_cКазань
_3RU\NLR\AUTH\8810060538
_9622441
801 0 _aRU
_bNLR
_c20080320
_gRCR
801 1 _aRU
_bNLR
_c20080320
830 _aсост. по кн.
942 _cBOOK
980 _aNB
980 _aNBR